| 000 | 01343nam a2200337Ia 4500 | ||
|---|---|---|---|
| 001 | ebr10682499 | ||
| 003 | CaPaEBR | ||
| 006 | m u | ||
| 007 | cr cn||||||||| | ||
| 008 | 121015s2013 nju sb 001 0beng d | ||
| 010 | _z 2012038718 | ||
| 020 | _z9780691157306 (hardcover : alk. paper) | ||
| 020 | _z9781400847594 | ||
| 040 |
_aCaPaEBR _cCaPaEBR |
||
| 035 | _a(OCoLC)843068296 | ||
| 050 | 1 | 4 |
_aB1873 _b.N34 2013eb |
| 082 | 0 | 4 |
_a194 _aB _223 |
| 100 | 1 |
_aNadler, Steven M., _d1958- |
|
| 245 | 1 | 4 |
_aThe philosopher, the priest, and the painter _h[electronic resource] : _ba portrait of Descartes / _cSteven Nadler. |
| 260 |
_aPrinceton, N.J. : _bPrinceton University Press, _c2013. |
||
| 300 | _axiv, 230 p. | ||
| 504 | _aIncludes bibliographical references and index. | ||
| 533 |
_aElectronic reproduction. _bPalo Alto, Calif. : _cebrary, _d2013. _nAvailable via World Wide Web. _nAccess may be limited to ebrary affiliated libraries. |
||
| 600 | 1 | 0 |
_aDescartes, Rene, _d1596-1650. |
| 650 | 0 | _aPhilosophy, Modern. | |
| 650 | 0 |
_aPhilosophers _zFrance _vBiography. |
|
| 651 | 0 |
_aEurope _xIntellectual life _y17th century. |
|
| 655 | 7 |
_aElectronic books. _2local |
|
| 710 | 2 | _aebrary, Inc. | |
| 856 | 4 | 0 |
_uhttp://site.ebrary.com/lib/rucke/Doc?id=10682499 _zAn electronic book accessible through the World Wide Web; click to view |
| 999 |
_c13583 _d13583 |
||